000 00326 a2200109 4500
001 ART_10689
005 20260410161718.0
008 260409a
245 1 0 _aEl Defensor del Pueblo y el caso judicial
100 1 _aToricelli, Maximiliano
773 0 _tDerecho administrativo
_g- NÂș 80 (abr. 2012)
_wREV1721
999 _c16704
_d16704